000
00296pam a2200133 a 4500
020
_c
041
_h
100
_a
Rajesh Gopal,
_e
Author.
245
_a
Dynamics of Tiger Management in Priority
_h
Textual Documents
250
_a
1st.
260
_a
[s.l]:
_b
Na
300
_a
316.
930
_a
2333
999
_c
248184
_d
248184